Toutes les techniques d'Inazuma Eleven 1 - Statistiques

Statistiques générales
  • Ce quiz a été pris 153 fois
    54 depuis la dernière actualisation
  • Le résultat moyen est 42 sur 118
Statistiques - réponses
Type de quiz Technique Elément PT % Correct
Main Céleste Terre 21
97%
Le Mur Terre 25
87%
Tornade de Feu Feu 33
87%
Main Magique Terre 46
82%
Poing Explosif Feu 36
79%
Poing Ardent Feu 17
77%
Choc du Dragon Bois 33
69%
Muraille Tsunami Air 43
69%
Muraille Géante Terre 50
67%
Protecto-Bulle Bois 28
67%
Triangle de la Mort Bois 59
67%
Bouclier d'Energie Feu 27
64%
Savoir Suprême Air ////
64%
Défense Tacle de la Mort Bois 10
64%
Bouclier d'Energie Totale Feu 34
62%
Dribble Rafale Air 15
62%
Muraille Infinie Terre 57
59%
Tornade du Dragon Feu 51
59%
Ballon Illusoire Bois 23
56%
Instant Céleste Air 46
56%
Phénix Feu 62
56%
Distorsion Bois 19
54%
Oiseau de Feu Feu 56
54%
Scie Circulaire Air 30
54%
Trampoline du Tonnerre Air 44
54%
Triangle Z Feu 59
54%
Tir Fantôme Bois 24
51%
Cible Mouvante Terre 34
49%
Eclair Pulvérisant Air 46
49%
Flèche Céleste Air 56
49%
Tir Puissance 2 Feu 44
49%
Tornade Inversée Air 35
49%
Foudre Air 51
46%
Méga Séisme Terre 38
46%
Séisme Terre 30
46%
Tir Hélicoptère Air 17
46%
Subtilisation Bois 15
44%
Tir Grenade Feu 17
44%
Tourbillon Air 17
44%
Balle de Terre Terre 24
41%
Hache du Bûcheron Terre 19
41%
Passage en Force Feu 22
41%
Tir Fatal Bois 24
41%
Gardien Blocage de Force Terre 17
38%
Manchot Empereur n°2 Bois 56
38%
Saut de Tarzan Terre 20
38%
Spirale de Défense Air 15
38%
Tir Ricochets Terre 62
38%
Attaque Tempête Air 38
36%
Détriplement Bois 36
36%
Holo-Dribble Bois 25
36%
Triple Défense Terre 50
36%
Balle Factice Bois 25
33%
Blocage Fusée Feu 27
33%
Confusion Terre 23
33%
Feinte de la Taupe Terre 30
33%
Tir Frappe Rotative Bois 17
33%
Shoot en Croix Air 33
33%
Super Trampoline du Tonnerre Air 66
33%
Tir de Barrage Feu 33
33%
Dribble Accélération Terre 15
31%
Griffes Bestiales Terre 27
31%
Lame Gardienne Bois 17
31%
Pied Céleste Feu 38
31%
Tatou Géant Terre 22
31%
Tête Kung-Fu Bois 35
31%
Tornades Air 34
31%
Batte Toute-Puissante Feu 42
28%
Charge Enflammée Feu 23
28%
Tir Aveuglant Feu 42
28%
Tornade Noire Bois 42
28%
Contre-Attaque Feu 43
26%
Cyclone Air 32
26%
Ombre Furtive Bois 32
26%
Toile d'Araignée Bois 30
26%
Danse du Bambou Terre 45
23%
Feinte de la Bombe Feu 30
23%
Scanner Attaque Bois 22
23%
Scanner Défense Bois 23
23%
Tir Comète Air 24
23%
Tir Puissance 3 Bois 51
23%
Arrêt Puissance 3 Bois 48
21%
Arrêt Tourbillon Air 19
21%
Attaque du Condor Air 24
21%
Disparition Bois 17
21%
Flèche Ouragan Air 45
21%
Portique Mystère Terre 24
21%
Sentinelle Feu 19
21%
Sosie Bois 17
21%
Attaque de l'Aigle Terre 59
18%
Malédiction Bois 17
18%
Pirouette du Singe Terre 17
18%
Sumo-Secousse Terre 15
18%
Tir Galactique Feu 66
18%
Clown Acrobate Air 15
15%
Electrocution Air 23
15%
Souffle du Serpent Terre 17
15%
Super Rotation Bois 33
15%
Tête Chercheuse Feu 50
15%
Tir Dynamite Feu 35
15%
Tir en Spirale Air 20
15%
Lame Sismique Air 23
13%
Nuage de Poison Air 17
13%
Roue Combinée Terre 38
13%
Salto Lunaire Air 22
13%
Spectre Vengeur Bois 17
13%
Tir du Faucon Air 42
13%
Tir Glacial Bois 33
13%
Tir Psychique Bois 20
13%
Fauchage Bois 44
10%
Phénix Sombre Bois 66
10%
Taureau Furieux Terre 17
10%
Tir du Dragon Noir Air 35
10%
Bourrasque Air 27
8%
Contournement Terre 17
5%
Double Pression Bois 48
5%
Esprit du Vent Air 30
5%
Tir Météore Feu 24
5%
Aucun quiz correspondant
Distribution des résultats
% des personnes avec chaque résultat
Percentile par nombre de réponses
Votre historique - résultats
Vous n’avez pas pris ce quiz depuis la dernière actualisation